| 000 | 00562nam a2200217Ia 4500 | ||
|---|---|---|---|
| 008 | 220216s9999 xx 000 0 und d | ||
| 100 | _aMohandas K.S. | ||
| 245 | 0 | _aStudies on the effect of fillers on air permeability of natural rubber vulcanizates | |
| 260 |
_bKautschuk Gummi Kunststoffe _c1997 |
||
| 300 | _a544-548 | ||
| 650 | _aCarbon black | ||
| 650 | _aClay | ||
| 650 | _aFiller | ||
| 650 | _aGraphite | ||
| 650 | _aMica | ||
| 650 | _aNatural rubber | ||
| 650 | _aPermeability | ||
| 650 | _aSilica | ||
| 700 | _aKuriakose B. | ||
| 942 | _cBS | ||
| 999 |
_c50917 _d50917 |
||